The Sailor's Rendezvous / A Maigret Mystery (Record no. 2192)

000 -LEADER
fixed length control field 00628nam a22002057a 4500
005 - DATE AND TIME OF LATEST TRANSACTION
control field 20210414084601.0
008 - FIXED-LENGTH DATA ELEMENTS--GENERAL INFORMATION
fixed length control field 210223s1972 ||||| |||| 00| 0 eng d
040 ## - CATALOGING SOURCE
Original cataloging agency eng
Transcribing agency DLC
041 ## - LANGUAGE CODE
Language code of text/sound track or separate title eng
Language code of original fre
080 ## - UNIVERSAL DECIMAL CLASSIFICATION NUMBER
Universal Decimal Classification number 821.111
Item number S-61
100 ## - MAIN ENTRY--PERSONAL NAME
9 (RLIN) 518
Personal name Simenon, Georges
245 ## - TITLE STATEMENT
Title The Sailor's Rendezvous / A Maigret Mystery
Statement of responsibility, etc. / by: Penguin Books
260 ## - PUBLICATION, DISTRIBUTION, ETC.
Place of publication, distribution, etc. Victoria Australia
Name of publisher, distributor, etc. Penguin Books
Date of publication, distribution, etc. 1972
300 ## - PHYSICAL DESCRIPTION
Extent 127 p.
365 ## - TRADE PRICE
Price amount 0.95 usd
650 #0 - SUBJECT ADDED ENTRY--TOPICAL TERM
9 (RLIN) 254
Topical term or geographic name entry element English literature
653 ## - INDEX TERM--UNCONTROLLED
Uncontrolled term ინგლისური ლიტერატურა
700 ## - ADDED ENTRY--PERSONAL NAME
9 (RLIN) 1400
Personal name Ludwig, Margaret
Relator term Translator
942 ## - ADDED ENTRY ELEMENTS (KOHA)
Source of classification or shelving scheme
Koha item type Books
Holdings
Withdrawn status Lost status Source of classification or shelving scheme Damaged status Not for loan Permanent location Current location Date acquired Inventory number Total Checkouts Full call number Barcode Date last seen Price effective from Koha item type
          Ken Walker International University Ken Walker International University 03/12/2021 1802   821.111 S-61 1802 03/12/2021 03/12/2021 Books

Powered by Koha